| Tag |
First Indicator |
Second Indicator |
Subfields |
| LEADER |
00000cam a2200000I 4500 |
| 001 |
in00001704813 |
| 005 |
20151024172937.0 |
| 008 |
750331s1959 nyu 000 0 eng u |
| 010 |
|
|
|a 59007920
|
| 035 |
|
|
|a (OCoLC)ocm01245454
|
| 040 |
|
|
|c ORL
|d MCL
|d OCL
|d TXA
|d UtOrBLW
|
| 041 |
1 |
|
|a eng
|h ger
|
| 049 |
|
|
|a TXAM
|
| 050 |
0 |
0 |
|a QL50
|b .W4213
|
| 082 |
0 |
|
|a 591
|
| 096 |
|
|
|a QL 50 W473w 1959
|
| 100 |
1 |
|
|a Wendt, Herbert,
|d 1914-1979.
|
| 245 |
1 |
4 |
|a The road to man. /
|c Translated by Helen Sebba.
|
| 264 |
|
1 |
|a Garden City, New York :
|b Doubleday,
|c 1959.
|
| 300 |
|
|
|a 431 pages :
|b illustrations ;
|c 24 cm.
|
| 336 |
|
|
|a text
|b txt
|2 rdacontent
|
| 337 |
|
|
|a unmediated
|b n
|2 rdamedia
|
| 338 |
|
|
|a volume
|b nc
|2 rdacarrier
|
| 500 |
|
|
|a Translation of Wir und die Tiere.
|
| 536 |
|
|
|a From the library of Harrison T. Meserole, 2002.
|
| 650 |
|
0 |
|a Zoology.
|
| 650 |
|
0 |
|a Animal behavior.
|
| 650 |
|
2 |
|a Behavior, Animal.
|
| 650 |
|
2 |
|a Biological Evolution.
|
| 650 |
|
2 |
|a Zoology
|x popular works.
|
| 948 |
|
|
|a cataloged
|b h
|c 2002/11/15
|d c
|e eneff
|f 1:29:57 pm
|
| 994 |
|
|
|a E0
|b TXA
|
| 999 |
|
|
|a MARS
|
| 999 |
f |
f |
|s 067f0a08-67d0-3fae-b791-a968bb8ee161
|i 4a37e9d4-b06c-3c02-970b-3626790ac8b1
|t 0
|
| 952 |
f |
f |
|p ric
|a Texas A&M University
|b Rellis Campus
|c Joint Library Facility
|d Remote Storage
|t 0
|e QL50 .W4213
|h Library of Congress classification
|i unmediated -- volume
|m A14829451144
|
| 998 |
f |
f |
|a QL50 .W4213
|t 0
|l Remote Storage
|